Alle Ausfahrten der Nord/Weinviertel-Autobahn (A5) - Statistiken

Allgemein
  • Dieses Quiz wurde 28 mal gespielt
  • Das Durchschnittsergebnis liegt bei 13 aus 15
Antwortstatistiken
km Bz. Ausfahrt % Korrekt
22,9 MI Schrick / Mistelbach-Süd
100%
28,2 MI Wilfersdorf / Mistelbach-Ost
100%
7,6 MI Wolkersdorf-Nord
100%
2,7 MI Wolkersdorf-Süd
100%
0,0 MI Eibesbrunn
88%
17,7 MI Gaweinstal-Mitte
88%
20,1 MI Gaweinstal-Nord
88%
55,7 MI Drasenhofen-Nord
85%
50,6 MI Drasenhofen-Süd
85%
52,6 MI Drasenhofen-West
85%
47,5 MI Poysdorf-Nord
85%
33,6 MI Poysdorf-Süd
85%
5,4 MI Ulrichskirchen
85%
40,6 MI Großkrut
81%
10,8 MI Hochleithen
81%
Keine übereinstimmenden Quizze gefunden
Verteilung der Resultate
Anzahl Personen mit jedem Resultat
Perzentil nach korrekt beantworteten Fragen
Ihre Resultats-Entwicklung
Sie haben dieses Quiz noch nicht gespielt